| 000 | 01349nam a22002897a 4500 | ||
|---|---|---|---|
| 999 |
_c65839 _d65839 |
||
| 005 | 20240530110845.0 | ||
| 008 | 200912s2020 ua a f b 000 0dara d | ||
| 017 |
_a2019/22963 _bمصر. دار الكتب |
||
| 020 | _a9789777284675 | ||
| 040 |
_aEG-CaGPL _cEG-CaGPL |
||
| 082 | 0 | 4 |
_221 _a961.22\ _bهـ م |
| 100 | 1 | _aهاينز ، دنيس اير لانكستر | |
| 245 | 1 | 0 |
_aموجز تاريخى ومقدمة اثرية ل تريبوليتانيا القديمة / _cتاليف دنيس اير لانكستر هاينز ؛ ترجمة وتحقيق حسين حمد حسين الفقيه ، تقديم خالد محمد عبدالله الهدار |
| 250 | _aط.1 | ||
| 260 |
_aالقاهرة : _bالمكتب العربى للمعارف، _c2020 |
||
| 300 |
_a174 ص. ؛ _c24 سم. |
||
| 504 | _aيشتمل على ارجاعات ببليوجرافية | ||
| 650 | 0 | 7 |
_aمعبد سيرابيس _2qrmak |
| 650 | 0 | 7 |
_aالليبيون _2qrmak |
| 651 | 0 | 7 |
_2qrmak _aطرابلس _xتاريخ |
| 651 | 0 | 7 |
_aطرابلس _xاثار _2qrmak |
| 651 | 0 | 7 |
_aتريبوليتانيا _yما قبل التاريخ _2qrmak |
| 700 | 0 |
_aحسين حمد حسين الفقيه _eمترجم ومحقق |
|
| 700 | 0 |
_aخالد محمد عبدالله الهدار _eمقدم |
|
| 942 |
_2ddc _cBK |
||